00808nam a2200205 i 450000100060000000300090000600500170001500700030003200800410003510000280007624501020010426000390020630000220024549000660026770000230033383000710035685200320042799900170045995201260047652145ES-MaACL20250901062527.0t|030826s1960 an ||||1| spa d1 aChauchard, Paul.93819411a¿Destruye la ciencia a la religión? / cPaul Chauchard ; [versión española de L. Medrano]. aAndorra : bCasal i Vall, c[1960] a154 p. ; c18 cm.1 aYo sé, yo creo : enciclopedia del católico en el siglo XX1 aMedrano, L.97977200aYo sé, yo creo: enciclopedia del católico del siglo XX9186579 aES-MaACLjC-19000 bR.46383 c52145d52145 00104070aATENEOMbATENEOMcGaleríad2008-01-17eSCl0oC-19000p1054820r2023-02-23 00:00:00w2023-02-23yMONOGRAFIA